Statistics for 25 Most Populous countries in 2100

Click here to take the quiz!

General Stats

  • This quiz has been taken 1,667 times
  • The average score is 20 of 25

Answer Stats

HintAnswer% Correct
1,659,786,000India
100%
1,004,392,000China
100%
450,385,000USA
99%
242,644,000Niger
97%
752,247,000Nigeria
96%
313,648,000Indonesia
95%
200,305,000Brazil
94%
364,283,000Pakistan
92%
148,404,000Mexico
91%
117,445,000Russia
91%
200,802,000Egypt
89%
388,733,000Dem. Rep. of the Congo
89%
169,541,000Bangladesh
88%
242,644,000Ethiopia
87%
299,133,000Tanzania
80%
105,076,000Vietnam
78%
168,618,000Philippines
78%
156,856,000Kenya
76%
127,328,000Sudan
74%
202,868,000Uganda
72%
138,738,000Angola
59%
163,905,000Iraq
55%
127,648,000Mozambique
53%
104,869,000Zambia
45%
105,499,000Madagascar
26%

Score Distribution

Percentile by Number Answered

Percent of People with Each Score

Your Score History

You have not taken this quiz